LIBRARY ONLINE CATALOGUE

Jomo Kenyatta : (Record no. 13561)

MARC details
000 -LEADER
fixed length control field 00590nam a22002052 4500
001 - CONTROL NUMBER
control field 0000012968
005 - DATE AND TIME OF LATEST TRANSACTION
control field 20151217155854.0
008 - FIXED-LENGTH DATA ELEMENTS--GENERAL INFORMATION
fixed length control field 090514s xx 000 0 eng d
020 ## - INTERNATIONAL STANDARD BOOK NUMBER
International Standard Book Number 9966951016 :
040 ## - CATALOGING SOURCE
Original cataloging agency KABU
Transcribing agency KABU
100 1# - MAIN ENTRY--PERSONAL NAME
Personal name Kabaji, Egara.
-- 0000156952
245 10 - TITLE STATEMENT
Title Jomo Kenyatta :
Remainder of title father of harambee /
Statement of responsibility, etc. Egara Kabaji.
250 ## - EDITION STATEMENT
Edition statement 1st ed.
260 ## - PUBLICATION, DISTRIBUTION, ETC. (IMPRINT)
Place of publication, distribution, etc. Nairobi :
Name of publisher, distributor, etc. Sasa Sema,
Date of publication, distribution, etc. 2000.
300 ## - PHYSICAL DESCRIPTION
Extent ix, 94 p.
600 10 - SUBJECT ADDED ENTRY--PERSONAL NAME
Personal name Kenyatta, Jomo.
-- 0000103267
852 1# - LOCATION
-- p215 KES
908 ## - PUT COMMAND PARAMETER (RLIN)
Put command parameter 090514
950 ## - LOCAL HOLDINGS (RLIN)
-- 1
Holdings
Withdrawn status Lost status Source of classification or shelving scheme Not for loan Home library Current library Date acquired Total Checkouts Full call number Barcode Date last seen Date last checked out Price effective from Koha item type
    Library of Congress Classification   Kabarak, Main Campus Kabarak, Main Campus 17/12/2015 1 DT433.576 .K4K33 2000 c. 1 17541 16/11/2019 04/11/2019 17/12/2015 Africana Collection
    Library of Congress Classification   Kabarak, Main Campus Kabarak, Main Campus 17/12/2015   DT433.576 .K4K33 2000 c. 2 17542 17/12/2015   17/12/2015 Children Collection